00347nam a2200121Ia 4500008004100000041001200041082002400053100001500077245007700092250001200169260003600181300000800217231221s9999 xx 000 0 und d aEnglish a001.64404 HAR;1 R aHarish, H. 0aData communications and networks : for IVth sem BCA bangalore university a1st ed. c2011bSubhash StoresaBangalore a227